The social value of housing in straitened times: The view from England (Record no. 84761)

MARC details
000 -LEADER
fixed length control field 01082cab a22002295a 4500
001 - CONTROL NUMBER
control field L158998
008 - FIXED-LENGTH DATA ELEMENTS--GENERAL INFORMATION
fixed length control field 151130e2015 xxk 000 0 eng d
035 ## - SYSTEM CONTROL NUMBER
System control number (Sirsi) u158998
041 0# - LANGUAGE CODE
Language code of text/sound track or separate title eng
100 1# - MAIN ENTRY--PERSONAL NAME
Personal name Ferrari, Ed
245 04 - TITLE STATEMENT
Title The social value of housing in straitened times: The view from England
260 ## - PUBLICATION, DISTRIBUTION, ETC.
Date of publication, distribution, etc. 2015
490 ## - SERIES STATEMENT
Series statement Housing Studies
Volume/sequential designation 30(4) June 2015, 514-534(21)
520 ## - SUMMARY, ETC.
Summary, etc. Provides a commentary on the housing crisis in England linked to broader questions of the role of housing in capitalist economies and societies. Discusses crisis, market volatility, rates of new supply, and affordability. Looks at policy responses to the crisis such as the role of the private rented sector, the sell-off of expensive public housing to fund affordable housing. Concludes that public policymakers need to recognise housing as a social and economic asset.20
650 24 - SUBJECT ADDED ENTRY--TOPICAL TERM
Topical term or geographic name entry element PRIVATE RENTED SECTOR
650 24 - SUBJECT ADDED ENTRY--TOPICAL TERM
Topical term or geographic name entry element HOUSING
650 24 - SUBJECT ADDED ENTRY--TOPICAL TERM
Topical term or geographic name entry element AFFORDABILITY
650 24 - SUBJECT ADDED ENTRY--TOPICAL TERM
Topical term or geographic name entry element VOLATILITY
651 #4 - SUBJECT ADDED ENTRY--GEOGRAPHIC NAME
Geographic name United Kingdom
Chronological subdivision
690 ## - LOCAL SUBJECT ADDED ENTRY--TOPICAL TERM (OCLC, RLIN)
Topical term or geographic name as entry element Residential property
9 (RLIN) 6266
942 ## - ADDED ENTRY ELEMENTS (KOHA)
Suppress in OPAC 0
Holdings
Withdrawn status Lost status Source of classification or shelving scheme Damaged status Not for loan Home library Current library Shelving location Date acquired Total Checkouts Full call number Barcode Date last seen Copy number Price effective from Koha item type
    Dewey Decimal Classification     London London Journal article 30/11/2015   L158998 158998-1001 06/08/2019 1 06/08/2019 Journal article